000 00469 a2200169 4500
003 OSt
005 20231220142101.0
008 231220b |||||||| |||| 00| 0 eng d
020 _a9788181437464
040 _coclc
082 _a891.433
_bKAL/A
100 _aKaliya, Ravindra
_910187
245 _aABCD /
_cRavindra Kaliya
260 _aNew Delhi:
_bVani Prakashan,
_c2008.
300 _a97p
942 _2ddc
_cBK
_h891.433
_iKAL/A
_k891.433
_mKAL/A
999 _c43517
_d43517